| 000 | 00617nam a22002537a 4500 | ||
|---|---|---|---|
| 005 | 20250626163655.0 | ||
| 008 | 150320b xxu||||| |||| 00| 0 spa d | ||
| 020 | _a9786070704413 | ||
| 041 | _aESP | ||
| 082 | _aCO 863 G216a | ||
| 100 |
_aGarcía Márquez, Gabriel _93407 |
||
| 245 | _aEl amor en los tiempos del cólera | ||
| 260 | _aMéxico | ||
| 260 | _bPlaneta Mexicana | ||
| 260 | _c2010 | ||
| 300 | _a378 páginas | ||
| 490 | _aTemática General | ||
| 650 | _aLITERATURA COLOMBIANA | ||
| 650 | _aNOVELA COLOMBIANA | ||
| 650 | _aAMOR | ||
| 650 | _aVEJEZ | ||
| 650 | _aMUERTE | ||
| 942 |
_cLIT _2ddc |
||
| 999 |
_c4048 _d4048 |
||